Lizzie Borden: a dance of death.

Guardat en:
Dades bibliogràfiques
Autor principal: De Mille, Agnes
Format: Llibre
Idioma:English
Publicat: Boston, : Little, Brown, [1968].
Edició:[1st ed.]
Matèries:
LEADER 00902cam a2200265 a 4500
001 c000275723
003 CARM
005 20071105144239.0
008 680301s1968 mauac 000 0 eng
010 |a 68011531 
019 1 |a 698528  |5 LACONCORD2021 
035 |a (OCoLC)436699  |5 LACONCORD2021 
040 |a LC  |b eng  |c LC  |d LC 
050 0 0 |a GV1790.F35  |b D4 
082 0 4 |a 792.84 
100 1 |a De Mille, Agnes. 
245 1 0 |a Lizzie Borden: a dance of death. 
250 |a [1st ed.] 
260 |a Boston, :  |b Little, Brown,  |c [1968]. 
300 |a 302 p. :  |b illus., ports. ;  |c 22 cm. 
500 |a "An Atlantic Monthly Press book." 
650 0 |a Fall River Legend (Ballet) 
852 8 |b CARM  |h A1:AM04G0  |i B09279  |p 0398079  |f BK 
999 f f |i 4755d473-5a73-5ac4-a120-403812c8cee1  |s edbb322b-0c47-5bbd-be12-248ee0b63090 
952 f f |p Can circulate  |a CAVAL  |b CAVAL  |c CAVAL  |d CARM 1 Store  |e B09279  |f A1:AM04G0  |h Other scheme  |i book  |m 0398079